[Event "Jalgaon op"]
[Site "Jalgaon"]
[Date "2010.11.26"]
[Round "5"]
[White "Syed Anwar, Shazuli"]
[Black "Ayush, Jugele"]
[Result "1-0"]
[WhiteElo "2259"]
[BlackElo "1899"]
[PlyCount "65"]
[EventDate "2010.11.23"]
[EventType "swiss"]
[EventRounds "11"]
[EventCountry "IND"]
[SourceTitle "CBM 139 Extra"]
[Source "ChessBase"]
[SourceDate "2011.01.05"]
[SourceVersion "1"]
[SourceVersionDate "2011.01.05"]
[SourceQuality "1"]

1. d4 d6 2. Nf3 c6 3. b3 Nf6 4. Bb2 Bg4 5. Nbd2 Nbd7 6. g3 Qc7 7. Bg2 e6 8. a4 Be7 9. c4 e5 10. h3 Bf5 11. Ba3 Ne4 12. dxe5 Nxd2 13. exd6 Nxf3+ 14. Bxf3 Qa5+ 15. b4 Qe5 16. dxe7 Qc3+ 17. Kf1 Ne5 18. Kg2 Nxc4 19. Rc1 Qxa3 20. Rxc4 Be6 21. Rd4 Kxe7 22. Qd2 Rhc8 23. Rd1 Kf8 24. Qg5 Re8 25. a5 Kg8 26. R1d3 Qa2 27. Rd8 f6 28. Rxa8 Rxa8 29. Qc5 Kf7 30. Rd4 Qb3 31. a6 bxa6 32. Qxc6 Rc8 33. Rd7+ 1-0

[Event "IND-ch U15"]
[Site "New Delhi"]
[Date "2010.09.06"]
[Round "4"]
[White "Padhya, Saumil"]
[Black "Ayush, Jugele"]
[Result "1/2-1/2"]
[WhiteElo "2002"]
[BlackElo "1899"]
[PlyCount "113"]
[EventDate "2010.09.04"]
[EventType "swiss"]
[EventRounds "11"]
[EventCountry "IND"]
[SourceTitle "CBM 138 Extra"]
[Source "ChessBase"]
[SourceDate "2010.10.29"]
[SourceVersion "1"]
[SourceVersionDate "2010.10.29"]
[SourceQuality "1"]

1. e4 c6 2. d4 d5 3. Nd2 dxe4 4. Nxe4 Bf5 5. Ng3 Bg6 6. h4 h6 7. Nf3 Nd7 8. h5 Bh7 9. Bd3 Bxd3 10. Qxd3 e6 11. Bd2 Ngf6 12. 0-0-0 Be7 13. Qe2 0-0 14. Rhe1 Qc7 15. Ne5 c5 16. Nxd7 Qxd7 17. dxc5 Qa4 18. Kb1 Bxc5 19. f4 Rac8 20. Ne4 Nd5 21. b3 Qa3 22. Nxc5 Rxc5 23. c4 Rfc8 24. Rc1 Nb4 25. Bxb4 Qxb4 26. Rh1 a5 27. Qb2 a4 28. Rh3 axb3 29. Rxb3 Qa5 30. Qe2 Qc7 31. g3 b5 32. Rbc3 bxc4 33. Ka1 Qc6 34. g4 Rb8 35. Qf3 Qb6 36. Qf2 Qb7 37. Qc2 Rb5 38. Rxc4 f5 39. Rc8+ Kh7 40. Rxb8 Qxb8 41. g5 hxg5 42. fxg5 Qe5+ 43. Qc3 Qxc3+ 44. Rxc3 f4 45. Rf3 Rf5 46. Kb2 e5 47. Kc3 Rxg5 48. Kd3 Rxh5 49. Rf1 Rh3+ 50. Ke4 Re3+ 51. Kf5 Kg8 52. Ke6 f3 53. a4 e4 54. Kf5 Kf7 55. a5 Re2 56. a6 g6+ 57. Ke5 1/2-1/2

[Event "Commonwealth-ch"]
[Site "Nagpur"]
[Date "2008.10.05"]
[Round "10"]
[White "Megha, Gupta"]
[Black "Ayush, Jugele"]
[Result "0-1"]
[WhiteElo "1643"]
[BlackElo "1904"]
[PlyCount "66"]
[EventDate "2008.09.28"]
[EventType "swiss"]
[EventRounds "11"]
[EventCountry "IND"]
[SourceTitle "CBM 126 Extra"]
[Source "ChessBase"]
[SourceDate "2008.11.05"]
[SourceVersion "1"]
[SourceVersionDate "2008.11.05"]
[SourceQuality "1"]

1. d4 d5 2. c4 Nc6 3. cxd5 Qxd5 4. Nf3 e5 5. Nc3 Bb4 6. Bd2 Bxc3 7. Bxc3 e4 8. Ne5 Be6 9. e3 Nxe5 10. dxe5 0-0-0 11. Qd4 Qxd4 12. Bxd4 Kb8 13. a3 Ne7 14. Bc3 Rhe8 15. f3 exf3 16. gxf3 Ng6 17. f4 f6 18. exf6 Bd5 19. Rg1 Rxe3+ 20. Kd2 Rf3 21. Kc1 Nxf4 22. fxg7 Bb3 23. Bd2 Rf2 24. g8Q Bxg8 25. Bxf4 Rxf4 26. Bd3 Rf2 27. h3 Bb3 28. Re1 a6 29. Be4 Re2 30. Rf1 Rxe4 31. Rg1 Red4 32. h4 Rd1+ 33. Rxd1 Rxd1# 0-1

[Event "Commonwealth-ch"]
[Site "Nagpur"]
[Date "2008.10.03"]
[Round "7"]
[White "Ayush, Jugele"]
[Black "Gahan, MG."]
[Result "0-1"]
[WhiteElo "1904"]
[BlackElo "2114"]
[PlyCount "92"]
[EventDate "2008.09.28"]
[EventType "swiss"]
[EventRounds "11"]
[EventCountry "IND"]
[SourceTitle "CBM 126 Extra"]
[Source "ChessBase"]
[SourceDate "2008.11.05"]
[SourceVersion "1"]
[SourceVersionDate "2008.11.05"]
[SourceQuality "1"]

1. d4 Nf6 2. Bg5 g6 3. Bxf6 exf6 4. e3 Bg7 5. g3 d5 6. Bg2 c6 7. Ne2 0-0 8. 0-0 Be6 9. c4 dxc4 10. Nbc3 Nd7 11. Nf4 Nb6 12. Rc1 f5 13. Na4 Bd5 14. Nxd5 cxd5 15. Nxb6 axb6 16. Qf3 Ra5 17. a3 Qd6 18. Rc3 Rd8 19. Rfc1 b5 20. b4 Ra4 21. Qe2 Qa6 22. Qb2 Bf8 23. Bf3 Qa7 24. Bd1 Ra6 25. Bf3 f6 26. Ra1 Kf7 27. Kg2 Ke6 28. Bd1 b6 29. Ra2 Bd6 30. Rc1 Qe7 31. Rca1 Rda8 32. Bc2 Kd7 33. Kg1 h5 34. Qb1 h4 35. Kg2 Qh7 36. g4 h3+ 37. Kh1 Qh4 38. Bxf5+ gxf5 39. Qxf5+ Kc6 40. e4 dxe4 41. a4 Rxa4 42. Rxa4 Rxa4 43. Rxa4 bxa4 44. b5+ Kc7 45. Qxe4 Qxf2 46. Qc6+ Kd8 0-1